00273nam a2200121Ia 4500008004100000100000900041245003000050260002900080300000800109650001000117942000700127999001700134190216s9999||||xx |||||||||||||| ||und|| aNull 0aHindi-Yek Aur Mot Upanyas bMac Millian And Com. Ltd a122 aHindi cBK c16090d16090